| 000 | 01148cam a2200337 i 4500 | ||
|---|---|---|---|
| 001 | 200464467 | ||
| 003 | TR-AnTOB | ||
| 005 | 20250526104645.0 | ||
| 007 | ta | ||
| 008 | 250526s2021 tu a|||j |||| 00| j tur d | ||
| 020 | _a9786054395651 | ||
| 040 |
_aTR-AnTOB _beng _erda _cTR-AnTOB |
||
| 041 | 0 | _atur | |
| 050 | 1 | _aPL248.Y553 | |
| 090 |
_aJUN PL248.Y553 _bS6 2021 |
||
| 100 | 1 |
_aYıldız, Eda _eauthor _9148854 |
|
| 245 | 1 | 0 |
_aSosyal yaşıyorum sosyal düşünüyorum / _cEda Yıldız, Deniz Umut ; çizgiler Behzat Taş, Abdülkadir Tamer. |
| 246 | 3 | 0 | _aSosyal yaşıyorum sosyal düşünüyorum 1. |
| 264 | 1 |
_aİstanbul : _bOkuryazar Yayınevi, _c2021. |
|
| 300 |
_a112 pages : _billustrations ; _c21 cm |
||
| 336 |
_atext _btxt _2rdacontent |
||
| 337 |
_aunmediated _bn _2rdamedia |
||
| 338 |
_avolume _bnc _2rdacarrier |
||
| 490 | 0 | _aKültürel Miras Serisi. | |
| 653 |
_aÇocuk edebiyatı _aAile ilişkileri _aHayvanlar _aEski yapılar |
||
| 700 | 1 |
_aUmut, Deniz _eauthor _9148855 |
|
| 700 | 1 |
_aTaş, Behzat _eillustrator _9148856 |
|
| 700 | 1 |
_aTamer, Abdülkadir _eillustrator _9148857 |
|
| 942 |
_2lcc _cBK |
||
| 999 |
_c200464467 _d82679 |
||